Advances organic chemistry Part B Reactions and synthesis

Gespeichert in:
Bibliographische Detailangaben
Hauptverfasser: Carey, Francis A. 1937-, Sundberg, Richard J. 1978- (Verfasst von)
Format: Buch
Sprache:Englisch
Veröffentlicht: New York Springer 2007
Ausgabe:5th edition
Schlagworte:
Online-Zugang:Im OPAC anzeigen
Tags: Tag hinzufügen
Keine Tags, Fügen Sie das erste Tag hinzu!

MARC

LEADER 00000nam a2200000 a 4500
005 20260127134349.0
008 091111 2007 xxu 000 0 eng d
020 |a 9780387683546 (brož.) 
020 |a 9780387683508 (viaz.) 
035 |a vtls009968779 
039 9 |y 200911110932  |z mschk03 
040 |a STUSCHK1  |b slo  |c STUSCHK1  |e AACR2 
080 |a 547 
080 |a 547:544.4 
080 |a 547.057 
080 |a (048.8) 
100 1 |a Carey, Francis A.  |d 1937- 
245 1 |a Advances organic chemistry  |n Part B  |p Reactions and synthesis  |c Francis A. Carey, Richard J. Sundberg 
250 |a 5th edition 
260 |a New York  |b Springer  |c 2007 
300 |a xxx, 1321 s.  |b il.  |c 26 cm 
650 0 |a organická chémia 
650 0 |a organické reakcie 
650 0 |a organické syntézy 
655 7 |a učebnice  |2 czenas 
700 1 |a Sundberg, Richard J.  |d 1978-  |4 aut 
910 |a SCHK95 
919 |a 978-0-387-68354-6 (brož.) 
919 |a 978-0-387-68350-8 (viaz.) 
999 |c 10889  |d 10889